00309nam a2200121Ia 4500008004100000100002700041245005100068260002100119300000800140650001400148942000800162999001700170190216s9999||||xx |||||||||||||| ||und|| aSanthosh T Brindavanam 0aGarba Dharanam Muthal Shishu Paricharanam Vare bAvanthi Kottayam a164 aMalayalam cREF c36794d36794